Quarters of Luxembourg City - Statistics

General Stats
  • This quiz has been taken 33 times
  • The average score is 17 of 24
Answer Stats
Quarters % Correct
Gare
94%
Kirchberg
94%
Bonnevoie-Nord/Verlorenkost
89%
Bonnevoie-Sud
89%
Belair
83%
Limpertsberg
83%
Rollingergrund/Belair-Nord
83%
Ville-Haute
83%
Cents
78%
Clausen
78%
Eich
78%
Grund
78%
Dommeldange
72%
Gasperich
72%
Pfaffenthal
72%
Cessange
61%
Merl
61%
Beggen
56%
Hamm
56%
Hollerich
56%
Neudorf/Weimershof
50%
Mühlenbach
44%
Weimerskirch
44%
Pulvermühl
33%
No matching quizzes found
Score Distribution
Percent of People with Each Score
Percentile by Number Answered
Your Score History
You have not taken this quiz